Los molinos de la mente: conversaciones con investigadores de la psicología

Đã lưu trong:
Chi tiết về thư mục
Tác giả chính: Miller, Jonathan (autor)
Định dạng: Sách
Ngôn ngữ:Tiếng Tây Ban Nha
Được phát hành: Ciudad de México Fondo de Cultura Económica 1986
Loạt:Biblioteca de Psicología y Psicoanálisis
Những chủ đề:
Các nhãn: Thêm thẻ
Không có thẻ, Là người đầu tiên thẻ bản ghi này!

MARC

LEADER 00000nam a2200000 a 4500
001 UCO9501
003 CL-VaPUC
008 010302e19860000MX |||||||||||||||||spa|d
082 0 4 |a 150.1  |b MIL  |2 21 
100 |a Miller, Jonathan  |e autor  |9 454708 
245 1 4 |a Los molinos de la mente: conversaciones con investigadores de la psicología 
300 |a 368 p 
942 |c BK 
945 |d 20010302 00:00:00  |a cmena 
260 |a Ciudad de México  |b Fondo de Cultura Económica  |c 1986 
650 0 |a Psicología   |9 257863 
650 0 |a Investigación científica  |9 259857 
650 7 |a PSICOLOGIA MODERNA  |2 CL-VaPUC  |9 394070 
650 0 |a Psicología cognitiva   |9 306250 
650 0 |a Percepción visual  |9 267039 
650 7 |a INTELIGENCIA ARTIFICIAL  |2 CL-VaPUC  |9 454709 
650 0 |a Emociones   |9 265224 
650 0 |a Psicología social   |9 222894 
650 0 |a Relaciones interpersonales  |9 307056 
650 0 |a Psiquiatría  |9 308427 
583 |a last modification  |c 20010302 00:00:00  |k Rodrigo Vera 
490 0 |a Biblioteca de Psicología y Psicoanálisis 
999 |c 293705  |d 293703 
952 |0 0  |1 0  |4 0  |6 150_100000000000000_MIL_1986  |7 0  |8 A  |9 345403  |a FDOPOS  |b FDOPOS  |d 2019-11-20  |i 3689417  |o 150.1 MIL 1986  |p 3689417  |r 2025-01-22  |w 2019-11-20  |y BK  |k MLA